| 000 | 00449nam a2200193Ia 4500 | ||
|---|---|---|---|
| 005 | 20250425162642.0 | ||
| 008 | 250425s9999 xx 000 0 und d | ||
| 020 | _a1852210575 | ||
| 041 | _aeng | ||
| 082 | _a581.8 | ||
| 245 | 0 | _aPLANT MOLECULAR BIOLOGY: A PRACTICAL APPROACH | |
| 250 | _aS.E | ||
| 260 |
_aEstados Unidos _bIRL PRESS _c1988 |
||
| 260 | _aNEW YORK | ||
| 300 | _a311 | ||
| 650 | _aBOTANICA | ||
| 942 | _c01 | ||
| 010 | _a94178 | ||
| 999 |
_c233650 _d233650 |
||